000
00316nam a2200109Ia 4500
008
171211s9999 xx 000 0 und d
245
_a
Is This Not the Carpenter?
245
_c
Thomas L. Thompson and Thomas S. Verenna
260
_c
2012
650
_x
RELIGION
856
_u
http://down.ebook777.com/062/1845539869.pdf
999
_c
350610
_d
350610